Pojištění investic tuzemských právnických osob v zahraničí. 1

Na českom poistnom trhu sa objavil nový poistný produkt, a to poistenie investícií domácich právnických osôb v zahraničí. Programy investičného poistenia. Systém fungovania poistenia českých právnických osôb v zahraničí. Vysvetlenie niektorých základných pojmov: investície, investovanie, investor, v...

Full description

Saved in:
Bibliographic Details
Main Author: Škorpil, M.P
Format: Book Chapter
Language:Czech
Subjects:
Tags: Add Tag
No Tags, Be the first to tag this record!

MARC

LEADER 00000naa a2200000 4500
001 r027576
005 20230522111711.4
041 0 |a cze 
044 |a CZ 
245 1 0 |a Pojištění investic tuzemských právnických osob v zahraničí. 1  |c M.P. Škorpil 
520 |a Na českom poistnom trhu sa objavil nový poistný produkt, a to poistenie investícií domácich právnických osôb v zahraničí. Programy investičného poistenia. Systém fungovania poistenia českých právnických osôb v zahraničí. Vysvetlenie niektorých základných pojmov: investície, investovanie, investor, výnosy, hostiteľský štát, nemožnosť transféru úhrad, vyvlastnenie, politické násilné činy, zahraničná spoločnosť, čakacia doba. 
610 2 0 |a poistenie záujmov zahraničných 
610 2 0 |a investície 
610 2 0 |a Česko 
610 2 0 |a trh poistný 
610 2 0 |a poistenie úverové 
610 2 0 |a riziko poistné 
610 2 0 |a pojmy 
100 1 |a Škorpil, M.P.